| 000 | 01151nam a22002417a 4500 | ||
|---|---|---|---|
| 999 |
_c21684 _d21684 |
||
| 003 | AR-CdUCM | ||
| 008 | 190425b ||||| |||| 00| 0 spa d | ||
| 040 |
_aMUNICIPALIDAD PROVINCIAL DEL CUSCO _cBIBLIOTECA MUNICIPAL DEL CUSCO |
||
| 082 |
_aRev.Univ/N°6/1913 _bRev.Univ/N°6/1913 |
||
| 110 |
_aUniversidad Nacional de San Antonio Abad del Cusco _915942 |
||
| 245 |
_aRevista Universitaria : _bÓrgano de la Universidad del Cuzco / |
||
| 260 |
_aCusco : _bEl Trabajo, _csetiembre 1913. |
||
| 300 |
_a67 páginas. : _c20 cm. |
||
| 440 |
_aRevista Universitaria _nAño II, setiembre 1913, N°6 _945780 |
||
| 505 | _aContenido: Crania peruana, conclusión. Por José Coello y Mesa -- Universidad de San Antonio de Abad. Por Fortunato L. Herrera -- Huanacauri o Huaynacauri. Por Romualdo Aguilar -- Cronología, Geología y Arqueología. Por Antonio Lorena. Crónica Universitaria. | ||
| 650 |
_aArqueología _9371 |
||
| 650 |
_aWanacauri _945781 |
||
| 650 |
_aUniversidad de San Antonio Abad del Cusco _945782 |
||
| 650 |
_aSiglo XX _945779 |
||
| 710 |
_aUniversidad Nacional de San Antonio Abad del Cusco _915942 |
||
| 942 |
_2ddc _cPP |
||
| 945 | _arac | ||